000 00438nam a22001217a 4500
999 _c10214
_d10214
003 OSt
008 201218b ||||| |||| 00| 0 eng d
245 _aIETE Journal of Research
250 _a2008(Jan-Feb Vol.54 No.1, Mar-Apr Vol.54 No.2, May-Jun Vol.54 No.3, Jul-Aug Vol.54 No.4)
260 _aNew Delhi
_bInstitution of Electronics and Telecommunication Engineers
650 _aElectronics and Communication Engineering
942 _2ddc
_cBV